000 00419nam a22001697a 4500
003 OSt
005 20210901144426.0
008 210901b |||||||| |||| 00| 0 eng d
020 _a978;81-265-1338-3
040 _cHU6
082 _2SIXTH EDITION
_a546/ADV
100 _aCOTTN
_qF.ALBERT COTTN
_91146
245 _aADVANCED INORGANIC CHEMISTRY
260 _aINDIA
_bWILEY
_c2OO4
300 _a1355
942 _2ddc
_cBOOKS
_n0
999 _c1410
_d1410